[Event "All China Games 3rd"]
[Site "Suzhou"]
[Date "2006.05.21"]
[Round "3"]
[White "Yu, Lie"]
[Black "Lin, Weiguo"]
[Result "1-0"]
[WhiteElo "2334"]
[BlackElo "2448"]
[PlyCount "107"]
[EventDate "2006.05.20"]
[EventType "swiss"]
[EventRounds "11"]
[EventCountry "CHN"]
[SourceTitle "CBM 112 Extra"]
[Source "ChessBase"]
[SourceDate "2006.07.14"]
[SourceVersion "1"]
[SourceVersionDate "2006.07.14"]
[SourceQuality "1"]

1. e4 c5 2. Nf3 d6 3. d4 cxd4 4. Nxd4 Nf6 5. Nc3 a6 6. Be3 e5 7. Nb3 Be6 8. Qd2 Nbd7 9. f3 b5 10. 0-0-0 Be7 11. g4 b4 12. Ne2 a5 13. Kb1 0-0 14. g5 Ne8 15. h4 Nc7 16. f4 a4 17. Nbc1 exf4 18. Nxf4 Rb8 19. Ncd3 Ne5 20. Nxb4 Bg4 21. Rc1 Bf3 22. Bg2 Bxg2 23. Nxg2 d5 24. c3 Nc4 25. Qe1 d4 26. Rd1 Ne6 27. Bxd4 Bxb4 28. cxb4 Nxd4 29. Qc3 Nb5 30. Qxc4 Qe7 31. a3 Nd6 32. Qc5 Qxe4+ 33. Qc2 Qe5 34. Rhe1 Qg3 35. Qd3 Qxg2 36. Qxd6 Rbc8 37. Rd2 Qh3 38. Qd4 g6 39. Ka1 Qf5 40. Rf2 Qh3 41. Ref1 Rcd8 42. Qc4 Rc8 43. Rxf7 Qxf1+ 44. Qxf1 Rxf7 45. Qd1 Rc4 46. Qxa4 Rxh4 47. Qe8+ Kg7 48. Qe5+ Kg8 49. b5 Rh1+ 50. Ka2 Rd1 51. b6 Rdd7 52. a4 Rde7 53. Qb8+ Rf8 54. Qd6 1-0

[Event "All China Games 3rd"]
[Site "Suzhou"]
[Date "2006.05.20"]
[Round "1"]
[White "Chen, Fan"]
[Black "Lin, Weiguo"]
[Result "1/2-1/2"]
[WhiteElo "2354"]
[BlackElo "2448"]
[PlyCount "120"]
[EventDate "2006.05.20"]
[EventType "swiss"]
[EventRounds "11"]
[EventCountry "CHN"]
[SourceTitle "CBM 112 Extra"]
[Source "ChessBase"]
[SourceDate "2006.07.14"]
[SourceVersion "1"]
[SourceVersionDate "2006.07.14"]
[SourceQuality "1"]

1. e4 c5 2. Nf3 d6 3. Bb5+ Bd7 4. a4 Nf6 5. Qe2 e6 6. 0-0 Be7 7. c3 a6 8. Bxd7+ Nfxd7 9. d4 0-0 10. Rd1 Nc6 11. d5 exd5 12. exd5 Nce5 13. Nxe5 Nxe5 14. Na3 Re8 15. Bf4 Bf6 16. Bxe5 Bxe5 17. Qg4 g6 18. f4 f5 19. Qf3 Bf6 20. Re1 Qd7 21. Nc4 Rxe1+ 22. Rxe1 Re8 23. Rxe8+ Qxe8 24. Nxd6 Qd7 25. Nc4 Qxa4 26. Qe2 Qd7 27. Nb6 Qd6 28. Qe6+ Qxe6 29. dxe6 Kf8 30. Nd7+ Ke7 31. Nxc5 b6 32. Nxa6 Kxe6 33. Nc7+ Kd7 34. Nd5 Bd8 35. Kf2 Kc6 36. Nb4+ Kb5 37. b3 Bf6 38. Nd5 Bh8 39. Ke3 Kc5 40. c4 b5 41. Kd3 bxc4+ 42. bxc4 Bd4 43. Nc7 Bg1 44. h3 Bh2 45. Nd5 Bg3 46. Nf6 Bxf4 47. Nxh7 Bd6 48. Ng5 Be7 49. Ne6+ Kd6 50. Nf4 g5 51. Nd5 Bf8 52. Nb6 Bg7 53. Nd5 Bf8 54. Kd4 Bg7+ 55. Ke3 Bf8 56. Nc3 Kc5 57. Kd3 Kd6 58. g3 Ke5 59. h4 gxh4 60. gxh4 Kf4 1/2-1/2

[Event "Torch Cup"]
[Site "Xiapu"]
[Date "2005.06.26"]
[Round "19"]
[White "Liang, Chong"]
[Black "Lin, Weiguo"]
[Result "1/2-1/2"]
[WhiteElo "2524"]
[BlackElo "2448"]
[PlyCount "53"]
[EventDate "2005.06.21"]
[EventType "team-tourn"]
[EventRounds "19"]
[EventCountry "CHN"]
[SourceTitle "CBM 106 Extra"]
[Source "ChessBase"]
[SourceDate "2005.07.01"]
[SourceVersion "1"]
[SourceVersionDate "2005.07.01"]
[SourceQuality "1"]

1. d4 Nf6 2. c4 g6 3. Nc3 d5 4. Nf3 Bg7 5. e3 0-0 6. Bd2 c6 7. Rc1 Bg4 8. h3 Bxf3 9. Qxf3 e6 10. Bd3 Nbd7 11. cxd5 exd5 12. 0-0 a5 13. a3 Qe7 14. Rfe1 Rfe8 15. e4 dxe4 16. Nxe4 Nxe4 17. Rxe4 Qd6 18. Bf4 Qf6 19. Rce1 Rxe4 20. Qxe4 Qxd4 21. Qxd4 Bxd4 22. Re7 Nc5 23. Bc4 Bxb2 24. Bxf7+ Kh8 25. Be3 b6 26. Bxc5 bxc5 27. a4 1/2-1/2